00789nam a2200253Ia 4500008004000000020001800040041000800058082001600066100001700082245002200099260004600121300001500167650002000182650002500202650001400227650003700241650001200278650001900290690001900309700002400328906001100352999001900363952015300382210210b2010 xxu||||| |||| 00| 0 eng d a9780195671766 aeng a954.04 PAGP aPAGE (David) aPartition omnibus aNew DelhibOxford University Pressc2010 axlvii,1213 astern reckoning aprelude to partition aPartition aorgins of the partition of India aomnibus adivideand quit aIndian History aSINGH (Anita Inder) a064483 c141447d141447 001040708HistoryaALbALcHistoryd2021-02-17eKnowledge World, Bangalore-18g595.00l0o954.04 PAGPp064483r2021-02-17 00:00:00w2021-02-17yBK